| 000 | 00568cam a22001815a 4500 | ||
|---|---|---|---|
| 001 | ##L132830 | ||
| 008 | 060310s1956 000 0 eng u | ||
| 035 | _a(Sirsi) u132830 | ||
| 041 | 0 | _aeng | |
| 050 | 0 | 4 | _a333.0062 $2 18 |
| 110 | 2 |
_aRoyal Institution of Chartered Surveyors _94900 |
|
| 245 | 0 | 0 |
_aConstitution and regulations of the branches _bAugust 1939 |
| 260 |
_aLondon _bRICS _c1956 |
||
| 300 |
_a9p. _c22cm. |
||
| 651 | 4 |
_aGreat Britain _y1707- |
|
| 690 | _aABOUT RICS-RICS STRUCTURE AND GOVERNANCE-RICS REGULATIONS-RICS CONDUCT REGULATIONS | ||
| 942 | _n0 | ||
| 999 |
_c105251 _d105251 |
||